Hodnota za peniaze na základných školách v Bratislave diplomová práca

Gespeichert in:
Bibliographische Detailangaben
1. Verfasser: Antolová, Marika
Körperschaft: Národohospodárska fakulta EU. Katedra verejnej správy a regionálneho rozvoja
Weitere Verfasser: Némethová, Valéria, 1987-
Format: Buch
Sprache:Slowakisch
Veröffentlicht: Bratislava 2021
Tags: Tag hinzufügen
Keine Tags, Fügen Sie das erste Tag hinzu!

MARC

LEADER 00000nbm a2200000 4500
001 0274140
005 20220121092728.9
041 0 |a slo 
044 |a SK 
245 1 0 |a Hodnota za peniaze na základných školách v Bratislave  |b diplomová práca  |c Marika Antolová ; školiteľ: Valéria Némethová 
264 1 |a Bratislava  |c 2021 
300 |a 79 s. 
100 1 |a Antolová, Marika 
700 1 |a Némethová, Valéria, 1987- 
710 2 |a Národohospodárska fakulta EU. Katedra verejnej správy a regionálneho rozvoja